000
00215 a2200097 4500
001
18306
100
_a
Hubert, C.I
245
_a
Preventive maint of elect equip
260
_a
_b
McGraw-Hill
_c
090
_c
13599
_d
13599
942
_a
NUST-CAE
_c
M
_c
4001
999
_c
253379
_d
253379